<?xml version="1.0" encoding="UTF-8"?><?xml-stylesheet type="text/xsl" href="static/style.xsl"?><OAI-PMH xmlns="http://www.openarchives.org/OAI/2.0/" xmlns:xsi="http://www.w3.org/2001/XMLSchema-instance" xsi:schemaLocation="http://www.openarchives.org/OAI/2.0/ http://www.openarchives.org/OAI/2.0/OAI-PMH.xsd"><responseDate>2026-06-02T07:25:14Z</responseDate><request verb="GetRecord" identifier="oai:riuma.uma.es:10630/44722" metadataPrefix="marc">https://riuma.uma.es/rest/oai/request</request><GetRecord><record><header><identifier>oai:riuma.uma.es:10630/44722</identifier><datestamp>2026-02-03T11:16:44Z</datestamp><setSpec>com_10630_2254</setSpec><setSpec>col_10630_37953</setSpec></header><metadata><record xmlns="http://www.loc.gov/MARC21/slim" xmlns:dcterms="http://purl.org/dc/terms/" xmlns:doc="http://www.lyncode.com/xoai" xmlns:xsi="http://www.w3.org/2001/XMLSchema-instance" xsi:schemaLocation="http://www.loc.gov/MARC21/slim http://www.loc.gov/standards/marcxml/schema/MARC21slim.xsd">
   <leader>00925njm 22002777a 4500</leader>
   <datafield ind2=" " ind1=" " tag="042">
      <subfield code="a">dc</subfield>
   </datafield>
   <datafield ind2=" " ind1=" " tag="720">
      <subfield code="a">Romo-Parra, María del Carmen</subfield>
      <subfield code="e">author</subfield>
   </datafield>
   <datafield ind2=" " ind1=" " tag="720">
      <subfield code="a">Sell Trujillo, Lucía</subfield>
      <subfield code="e">author</subfield>
   </datafield>
   <datafield ind2=" " ind1=" " tag="720">
      <subfield code="a">Vera-Balanza, María Teresa</subfield>
      <subfield code="e">author</subfield>
   </datafield>
   <datafield ind2=" " ind1=" " tag="720">
      <subfield code="a">Delgado-Peña, José Jesús</subfield>
      <subfield code="e">author</subfield>
   </datafield>
   <datafield ind2=" " ind1=" " tag="260">
      <subfield code="c">2023</subfield>
   </datafield>
   <datafield ind2=" " ind1=" " tag="520">
      <subfield code="a">Introducción: A través de las redes sociales circulan ideas que promueven la justicia y la igualdad,&#xd;
permitiendo, a su vez, la propagación de mensajes de odio que favorecen el ejercicio de la violencia online. Bajo estas premisas, a partir de la percepción de la población juvenil dentro del territorio de la&#xd;
Comunidad Autónoma de Andalucía, se cuantifica, describe y sistematiza, desde una perspectiva de&#xd;
género, las violencias que transitan en las redes sociales. Metodología: desde un enfoque cuantitativo, se&#xd;
realiza una encuesta a través de cuestionario. El formulario se distribuye entre la población comprendida&#xd;
entre los 14 y los 30 años de edad, utilizando la técnica de bola de nieve, consiguiendo registrar un&#xd;
total de 938 participaciones. Resultados: se muestra un impacto diferenciado de las percepciones de&#xd;
violencias en función del sexo y de la orientación sexual, en tanto que son más las mujeres y sobre&#xd;
todo las personas que se declaran como no binarias las que más agresiones han recibido, así como&#xd;
aquellos sujetos definidos con una orientación sexual no heteronormativa. Respecto a las temáticas&#xd;
y las categorías sistematizadas a partir de los relatos violentos recabados, claramente las referidas&#xd;
al aspecto físico y a las posturas políticas e ideológicas concentran casi la mitad de los comentarios&#xd;
totales. Discusión y conclusiones: se profundiza en el análisis de las violencias en red, especialmente&#xd;
volcadas en el ataque a los cuerpos no normativos, las identidades subversivas y las subjetividades&#xd;
diversas.</subfield>
   </datafield>
   <datafield ind1="8" ind2=" " tag="024">
      <subfield code="a">Romo Parra, C., Sell Trujillo, L., Vera Balanza, T., &amp; Delgado Peña, J. J. (2023). Identidades y exposición a las violencias online. Aproximación a una clasificación temática de los mensajes de odio. Revista Latina De Comunicación Social, (81), 539–553. https://doi.org/10.4185/rlcs-2023-1998</subfield>
   </datafield>
   <datafield ind1="8" ind2=" " tag="024">
      <subfield code="a">https://hdl.handle.net/10630/44722</subfield>
   </datafield>
   <datafield ind1="8" ind2=" " tag="024">
      <subfield code="a">10.4185/RLCS-2023-1998</subfield>
   </datafield>
   <datafield tag="653" ind2=" " ind1=" ">
      <subfield code="a">Redes sociales en Internet</subfield>
   </datafield>
   <datafield tag="653" ind2=" " ind1=" ">
      <subfield code="a">Violencia - En los medios de comunicación social</subfield>
   </datafield>
   <datafield ind2="0" ind1="0" tag="245">
      <subfield code="a">Identidades y exposición a las violencias online. Aproximación a una clasificación temática de los mensajes de odio</subfield>
   </datafield>
</record>
</metadata></record></GetRecord></OAI-PMH>